Harry Potter: Durmstrang - Statistiques

Statistiques générales
  • Ce quiz a été pris 154 fois
  • Le résultat moyen est 9 sur 10
Statistiques - réponses
Information Réponses % Correct
Première apparition Harry Potter et la Coupe de Feu
100%
Dernière apparition Harry Potter et les Reliques de la Mort
98%
Elève connu Viktor Krum
97%
Directeur Igor Karkaroff
95%
Autre école participante Poudlard
95%
Autre école participante Beauxbâtons
93%
Evènement organisé tout les 5 ans Tournoi des Trois Sorciers
90%
Fonction Education
83%
Pays Europe de Nord
68%
Elève connu Gellert Grindelwald
49%
Aucun quiz correspondant
Distribution des résultats
% des personnes avec chaque résultat
Percentile par nombre de réponses
Votre historique - résultats
Vous n’avez pas pris ce quiz